| 000 | 00902cab a2200229 4500 | ||
|---|---|---|---|
| 001 | WB3222-15 | ||
| 008 | 090401t1996 xxu||||| |||| 00| 0 eng d | ||
| 035 | _a(Sirsi) u20733 | ||
| 041 | _aeng | ||
| 245 | _aListed building | ||
| 260 | _c1996 | ||
| 350 | _a0 | ||
| 490 |
_aEstates Gazette Case Summaries _v[1996] EGCS 97, (1) (1/6/96) |
||
| 520 | _a"R v Dacorum BC and another, ex parte Cannon" QBD 17 May 1996. The owner of a hotel was not entitled to relief from convictions under the Planning (Listed Buildings and Conservation Areas) Act 1990, associated enforcement notices, and to quash the property`s listed status. | ||
| 650 | _aENFORCEMENT NOTICES | ||
| 650 | _aLISTED BUILDINGS | ||
| 650 | _aPLANNING (LISTED BUILDINGS AND CONSERVATION AREAS) ACT 1990 | ||
| 650 | _aR V DACORUM BC AND ANOTHER EX P CANNON | ||
| 690 | _aCONSERVATION-CASE LAW | ||
| 942 | _n0 | ||
| 948 | _c04/03/1997 | ||
| 999 |
_c13890 _d13890 |
||